[Event "Challenge"]
[Site "http://www.queenalice.com/game.php?id=702360"]
[Date "2009.12.23"]
[Round "-"]
[White "Limeira"]
[Black "donnybaby"]
[Result "0-1"]
[WhiteElo "1336"]
[BlackElo "1880"]

1. e4 e6 2. Nf3 d6 3. Nc3 a6 4. d4 Nd7 5. Bd3 Nb6 6. O-O Be7 7. Re1 g5 8. Bxg5
Bxg5 9. Qe2 h5 10. e5 d5 11. a3 Nd7 12. b4 Nf8 13. a4 a5 14. Rab1 h4 15. b5 b6
16. h3 Ng6 17. Nd2 Bxd2 18. Qxd2 Nh6 19. g3 hxg3 20. fxg3 Nf5 0-1

[Event "Challenge"]
[Site "http://www.queenalice.com/game.php?id=702377"]
[Date "2009.12.23"]
[Round "-"]
[White "danielfabio"]
[Black "Limeira"]
[Result "1-0"]
[WhiteElo "1232"]
[BlackElo "1500"]

1. e3 d5 2. Nf3 Nc6 3. d4 Nf6 4. c3 Bg4 5. h3 Bh5 6. g4 Bg6 7. b4 e6 8. b5 Be4
9. bxc6 bxc6 10. Nbd2 Rb8 11. Ne5 Qd6 12. Nxe4 dxe4 13. Qa4 Rb7 14. Nxc6 Rb6 15.
Ne5+ c6 16. Nc4 Qc7 17. Nxb6 Qxb6 18. Ba3 1-0

[Event "Challenge"]
[Site "http://www.queenalice.com/game.php?id=702447"]
[Date "2009.12.23"]
[Round "-"]
[White "colatina"]
[Black "Limeira"]
[Result "0-1"]
[WhiteElo "1558"]
[BlackElo "1309"]

1. e4 e5 2. Nf3 Nc6 3. c3 Nf6 4. Bd3 Bc5 5. Qb3 O-O 6. Bc4 Nxe4 7. O-O d6 8. d3
Bxf2+ 9. Rxf2 Nxf2 10. Ng5 Qf6 11. Bxf7+ Kh8 12. Be6 Ng4 13. Nf3 Bxe6 14. Qd1
Bd5 15. Bg5 Qf5 16. Nbd2 Qxd3 17. Qf1 e4 18. Qxd3 exd3 19. h3 Nge5 20. Nd4 Rf7
21. b3 Raf8 22. Rf1 Rxf1+ 23. Nxf1 Nxd4 24. cxd4 c5 25. dxe5 dxe5 26. Be7 Rc8
27. Ne3 Rc7 28. Nxd5 Rd7 29. Bxc5 Rxd5 30. Bxa7 d2 0-1

[Event "Challenge"]
[Site "http://www.queenalice.com/game.php?id=705720"]
[Date "2009.12.30"]
[Round "-"]
[White "Limeira"]
[Black "killtochess"]
[Result "0-1"]
[WhiteElo "1312"]
[BlackElo "2048"]

1. e4 c5 2. Nf3 Nf6 3. Nc3 Nc6 4. Bc4 e6 5. d3 d5 6. Bb5 d4 7. Ne2 Bd7 8. O-O a6
9. Bc4 Be7 10. e5 Nd5 11. c3 dxc3 12. bxc3 O-O 13. Qc2 b5 14. Bb3 Qc7 15. Nf4
Nxf4 16. Bxf4 Rad8 17. Rad1 Na5 18. Nd2 Bc6 19. d4 c4 20. Nxc4 bxc4 21. Ba4 Bxa4
22. Qxa4 Rb8 23. Rd2 Rb5 24. Re1 Rfb8 25. Qd1 Nc6 26. Qf3 Rb1 0-1

[Event "Challenge"]
[Site "http://www.queenalice.com/game.php?id=705828"]
[Date "2009.12.30"]
[Round "-"]
[White "Limeira"]
[Black "KaBaL"]
[Result "0-1"]
[WhiteElo "1312"]
[BlackElo "1681"]

1. c4 Na6 2. d4 c5 3. Nf3 d6 4. e4 Bg4 5. Nbd2 cxd4 6. Be2 e5 7. O-O Nh6 8. Nb3
Qf6 9. Bg5 Qg6 10. Qd3 Bxf3 11. h4 Bxg2 12. Kxg2 Be7 13. Qg3 f6 14. Bxh6 Qxg3+
15. Kxg3 gxh6 16. Bh5+ Kd8 17. Kh2 Rg8 18. Rg1 Kc7 19. Bf7 Rxg1 20. Rxg1 Nc5 21.
Nd2 Nd3 22. Rg7 Nxf2 23. Rxh7 Kb6 24. Kg3 Nd3 25. Bd5 Nf4 0-1

[Event "Challenge"]
[Site "http://www.queenalice.com/game.php?id=706405"]
[Date "2009.12.31"]
[Round "-"]
[White "Limeira"]
[Black "Danado"]
[Result "0-1"]
[WhiteElo "1323"]
[BlackElo "1608"]

1. e4 e5 2. Nf3 d6 3. Bc4 Be6 4. Bxe6 fxe6 5. Nc3 Nc6 6. d4 exd4 7. Nxd4 d5 8.
Nxc6 bxc6 9. O-O Nf6 10. Re1 dxe4 11. Qxd8+ Rxd8 0-1

[Event "Challenge"]
[Site "http://www.queenalice.com/game.php?id=706408"]
[Date "2009.12.31"]
[Round "-"]
[White "Limeira"]
[Black "elrey"]
[Result "0-1"]
[WhiteElo "1310"]
[BlackElo "2287"]

1. e4 e6 2. Nf3 d5 3. Nc3 d4 4. Nb1 Nf6 5. d3 Nc6 6. e5 Ng4 7. Qe2 Qd5 8. c3
Ngxe5 9. Nbd2 Be7 10. Nxe5 Nxe5 11. Qe4 O-O 12. Qxd5 exd5 13. c4 Re8 14. f4 Bh4+
15. g3 Nxd3+ 16. Kd1 Nf2+ 0-1

[Event "Challenge"]
[Site "http://www.queenalice.com/game.php?id=706409"]
[Date "2009.12.31"]
[Round "-"]
[White "Limeira"]
[Black "Carotino"]
[Result "0-1"]
[WhiteElo "1324"]
[BlackElo "1903"]

1. e4 e5 2. Nf3 Nc6 3. Bc4 Bc5 4. c3 Nf6 5. d4 exd4 6. cxd4 Bb4+ 7. Nc3 Nxe4 8.
Qd3 d5 9. O-O Nxc3 10. Qe3+ Ne4 11. a3 Be7 12. Bb5 O-O 13. Bxc6 bxc6 14. b3 Re8
15. h3 c5 0-1

[Event "Challenge"]
[Site "http://www.queenalice.com/game.php?id=706410"]
[Date "2009.12.31"]
[Round "-"]
[White "Limeira"]
[Black "RenatoAraujo"]
[Result "0-1"]
[WhiteElo "1324"]
[BlackElo "2211"]

1. e4 c5 2. Nf3 d6 3. Bc4 e6 4. d4 cxd4 5. Nxd4 Nf6 6. Bg5 Qa5+ 7. Nc3 Qxg5 8.
O-O a6 9. Re1 Be7 10. Nf3 Qc5 11. Nd2 O-O 12. Qf3 Nc6 13. a3 Ne5 14. Rad1 Nxf3+
15. gxf3 Qh5 16. Be2 Qh4 17. Kh1 Qxf2 18. Rf1 Qh4 19. Rg1 b5 20. Rg4 Nxg4 21.
fxg4 Bb7 22. b4 Bf6 23. Ncb1 Be5 24. Nf1 Qf2 25. Bd3 Qf3+ 26. Kg1 Bd4+ 27. Ne3
Bxe3# 0-1

[Event "Challenge"]
[Site "http://www.queenalice.com/game.php?id=706744"]
[Date "2010.1.1"]
[Round "-"]
[White "Limeira"]
[Black "Camy"]
[Result "0-1"]
[WhiteElo "1346"]
[BlackElo "1585"]

1. e4 e5 2. Nf3 Nc6 3. Bb5 Bc5 4. Nc3 Nf6 5. d3 h6 6. Nd5 Nxd5 7. exd5 Nd4 8.
Nxe5 O-O 9. Bc4 d6 10. Nf3 Re8+ 11. Be3 Qe7 0-1

[Event "Challenge"]
[Site "http://www.queenalice.com/game.php?id=707291"]
[Date "2010.1.2"]
[Round "-"]
[White "Limeira"]
[Black "Bishopscup"]
[Result "0-1"]
[WhiteElo "1336"]
[BlackElo "1588"]

1. e4 c5 2. Nf3 a6 3. Bc4 Nf6 4. Nc3 d6 5. Ng5 e6 6. O-O b5 7. Be2 Be7 8. Bh5
Nxh5 9. d3 Nf6 10. a4 b4 11. Ne2 d5 12. e5 Ng4 13. Nf3 Nd7 0-1

[Event "ACRE IX"]
[Site "http://www.queenalice.com/game.php?id=710804"]
[Date "2010.1.9"]
[Round "-"]
[White "perucona"]
[Black "Limeira"]
[Result "0-1"]
[WhiteElo "1553"]
[BlackElo "1295"]

1. e4 c5 2. d4 cxd4 3. Qxd4 Nc6 4. Qd5 e5 5. Bc4 Nh6 6. Bxh6 Qe7 7. Be3 Nb4 8.
Qxf7+ Qxf7 9. Bd3 d6 10. c3 Nxd3+ 11. Ke2 Nxb2 12. Na3 Qg6 13. g3 d5 14. f3 dxe4
15. fxe4 Qxe4 16. Nf3 Bxa3 17. Rhf1 Qd3+ 18. Kf2 O-O 19. Rfe1 Bg4 20. h3 Rxf3+
21. Kg2 Rxe3 22. hxg4 Rxg3+ 23. Kf2 Rf8# 0-1

[Event "Challenge"]
[Site "http://www.queenalice.com/game.php?id=736716"]
[Date "2010.2.23"]
[Round "-"]
[White "Limeira"]
[Black "colatina"]
[Result "0-1"]
[WhiteElo "1324"]
[BlackElo "1773"]

1. e4 d5 2. exd5 Qxd5 3. Nc3 Qf5 4. d4 e5 5. Nd5 Bd6 6. Qe2 Nc6 7. Nf3 f6 8. Nh4
Qe6 9. c4 Nxd4 10. Qh5+ g6 11. Nxg6 Qf5 12. Qxf5 Bxf5 13. Nxh8 Nc2+ 14. Kd1 Nxa1
15. c5 O-O-O 16. Nf7 Rd7 17. Nxd6+ cxd6 18. Bb5 Rg7 0-1

[Event "Challenge"]
[Site "http://www.queenalice.com/game.php?id=744667"]
[Date "2010.3.11"]
[Round "-"]
[White "Limeira"]
[Black "lica"]
[Result "0-1"]
[WhiteElo "1310"]
[BlackElo "1338"]

1. e4 e5 2. Nf3 d6 3. Nc3 Nf6 4. d4 Nc6 5. d5 Nb4 6. a3 Na6 7. Bg5 h6 8. Bh4 g5
9. Nxg5 hxg5 10. Bxg5 Be7 11. Bb5+ Bd7 0-1

[Event "Challenge"]
[Site "http://www.queenalice.com/game.php?id=744668"]
[Date "2010.3.11"]
[Round "-"]
[White "Limeira"]
[Black "Camy"]
[Result "0-1"]
[WhiteElo "1324"]
[BlackElo "1498"]

1. e4 e5 2. Nf3 Nf6 3. Nxe5 Qe7 4. d4 Nxe4 5. Bd3 d5 6. Qe2 Nc6 7. c3 Be6 8.
Nxc6 bxc6 9. Bxe4 dxe4 10. Qxe4 Bd5 11. Qxe7+ Bxe7 12. O-O O-O 13. b3 Rfe8 14.
c4 Be4 15. Nc3 Bg6 16. Bf4 Bd6 0-1